000 01712nam a22002537a 4500
003 DO-SdBNP
005 20180405111117.0
008 180405b 2001 dr 00| 0 spa d
040 _aBPMSU
_bspa
_cBPMSU
082 0 4 _aRD861.44
_bH765m
245 0 0 _aHomenaje a las madres dominicanas :
_ba través de 20 de nuestros poetas más representativos /
_ccompilación y prólogo Mateo Morrison.
260 _aSanto Domingo :
_bBaninter,
_c2001.
300 _a58 p. ;
_c22 cm.
490 1 _aEspacios culturales
_v14
505 _a
505 2 _aA mi madre / Salomé Ureña de Henríquez -- Oración a la madre ida / Manuel Llanes -- Mi vieja se muere / Domingo Moreno Jimenes -- Remate / Manuel del Cabral -- Los caballos de Suro vienen por el viento / Franklin Mieses Burgos -- Maternidad / Manuel Rueda -- A mi madre / Antonio Fernández Spéncer -- La casa / Aída Cartagena Portalatín -- Duele enérsida! / Víctor Villegas -- Como la fuente / Lupo Hernández Rueda -- Llueve y es que es mayo dulce señora / Máximo Avilés Blonda -- Clavel encendido / Rodolfo Coiscou Weber -- Palabras para una madre muerta / Abel Fernández Mejía -- Amor infinito, abnegación infinita / Abel Abreu Mejía -- Madre mujer / Federico Jóvine Bermúdez -- Iniciación del sobresalto / Mateo Morrison -- Carta a mamá en blanco y negro / Luis Manuel Ledesma -- Amada / Tony Raful --Meciéndose en su agua / Miguel Antonio Jiménez -- Madre / Carmen Sánchez.
650 4 _aPOESÍA DOMINICANA
650 4 _aLITERATURA DOMINICANA
700 1 2 _aMorrison, Mateo,
_ecompilación y prólogo
830 0 _aEspacios culturales
_v14
942 _2ddc
_cBK
945 _aInventariado, 2018 /LP
956 _aLOPEREZ
_b10
_c20180405
_hBPMSU
999 _c13360
_d13360